Výroba foriem pre At-zváranie koľajníc S-49 a R-65 : Diplomová práca
Gespeichert in:
| 1. Verfasser: | |
|---|---|
| Weitere Verfasser: | |
| Format: | Manuskript Buch |
| Sprache: | Slowakisch |
| Veröffentlicht: |
Trnava :
STU v Bratislave MtF KZaZS,
1992
|
| Schlagworte: | |
| Tags: |
Keine Tags, Fügen Sie das erste Tag hinzu!
|
MARC
| LEADER | 00000ntm a22000003a 4500 | ||
|---|---|---|---|
| 001 | stu116369 | ||
| 005 | 20160719155531.3 | ||
| 008 | 060420s1992----cs------------------slo-d | ||
| 040 | |a STU |b slo | ||
| 041 | 0 | |a slo | |
| 044 | |a cs | ||
| 100 | 1 | |a Štaffen, Maroš |4 aut | |
| 245 | 1 | |a Výroba foriem pre At-zváranie koľajníc S-49 a R-65 : |b Diplomová práca | |
| 260 | |a Trnava : |b STU v Bratislave MtF KZaZS, |c 1992 | ||
| 300 | |a 38 s |c príl | ||
| 650 | 7 | |a strojárska technológia |2 stusub | |
| 650 | 7 | |a zváranie |2 stusub | |
| 700 | 1 | |a Muntágová, Marta |4 xxx | |
| 996 | |b 284M072861 |c M*DP-3192 |l MMSKP |s P |a 0 |w stu116369_0001 | ||